000 00512nam a2200229Ia 4500
003 0100
008 130227s9999 xx 000 0 und d
020 _a0198249659
040 _cARRUPELIB
050 _aBF161.K455
100 _aKenny, Anthony
245 4 _aThe metaphysics of mind
260 _aOxford
260 _bClarendon Press
260 _C1989
300 _aix
300 _b 165p. 23cm.
650 _aPHILOSOPHY
650 _bPolitical science
650 _cState, The
942 _2lcc
_04
999 _c1292
_d1292